Mechanics of fluids / (Record no. 23023)

MARC details
000 -LEADER
fixed length control field 00743nam a22002295a 4500
008 - FIXED-LENGTH DATA ELEMENTS--GENERAL INFORMATION
fixed length control field 161103s2014 ii a||||rb||| 001 0 eng d
020 ## - INTERNATIONAL STANDARD BOOK NUMBER
International Standard Book Number 9332901430
020 ## - INTERNATIONAL STANDARD BOOK NUMBER
International Standard Book Number 9789332901438
082 04 - DEWEY DECIMAL CLASSIFICATION NUMBER
Edition number 22
Classification number 620.106
Item number SHA
100 1# - MAIN ENTRY--PERSONAL NAME
9 (RLIN) 41659
Personal name Shames, Irving Herman,‏ ‎
Dates associated with a name 1923-.
245 ## - TITLE STATEMENT
Title Mechanics of fluids /
Statement of responsibility, etc Irving H. Shames.
250 ## - EDITION STATEMENT
Edition statement McGraw Hill Education (India) ed.
260 ## - PUBLICATION, DISTRIBUTION, ETC. (IMPRINT)
Place of publication, distribution, etc New Delhi :
Name of publisher, distributor, etc McGraw Hill Education (India) Private Limited,
Date of publication, distribution, etc 2014.
300 ## - PHYSICAL DESCRIPTION
Extent xix, 858 p., 47 p. (various pagings) :
Other physical details ill. ;
Dimensions 24 cm.
500 ## - GENERAL NOTE
General note Index : p. I-1 - I-11.
504 ## - BIBLIOGRAPHY, ETC. NOTE
Bibliography, etc Bibliography : p. 857-858.
590 ## - LOCAL NOTE (RLIN)
Local note Wessam
650 ## - SUBJECT ADDED ENTRY--TOPICAL TERM
Source of heading or term BUEsh
651 ## - SUBJECT ADDED ENTRY--GEOGRAPHIC NAME
Source of heading or term BUEsh
653 ## - INDEX TERM--UNCONTROLLED
Resource For college Engineering, Chemical
Arrived date list November2016
942 ## - ADDED ENTRY ELEMENTS (KOHA)
Source of classification or shelving scheme Dewey Decimal Classification
Edition 22
Call number prefix 620.106 SHA
Holdings
Withdrawn status Item status Source of classification or shelving scheme Damaged status Not for loan Vendor Home library Current library Shelving location Date acquired Source of acquisition Cost, normal purchase price Serial Enumeration / chronology Total Checkouts Full call number Barcode Date last seen Cost, replacement price Koha item type
    Dewey Decimal Classification     Baccah Central Library Central Library First floor 03/11/2016 Purchase 394.00 3652   620.106 SHA 000034467 15/07/2025 492.50 Book - Borrowing